000 00848nam a22002057a 4500
999 _c12806
_d12806
003 AR-CdUCM
008 190410b ||||| |||| 00| 0 spa d
040 _aMUNICIPALIDAD PROVINCIAL DEL CUSCO
_cBIBLIOTECA MUNICIPAL DEL CUSCO
082 _a869.55 /
_bV29
100 _aVarillas Montenegro, Alberto
_9957
245 _aLa literatura peruana del siglo XIX periodificación y caracterización /
260 _aLima :
_bPontificia Universidad Católica del Perú,
_c1992.
300 _a349 páginas ;
_c20 cm.
505 _aContenido : El método histórico de las generaciones -- Las propuestas de periodificacion de la literatura peruana del siglo XIX -- Las generaciones en el Perú durante el siglo XIX ...
650 _aLiteratura
_983
650 _aSiglo XIX
_9971
650 _aPerú
_935
942 _2ddc
_cLIBROS
945 _arah
_d10/04/2019